| 000 | 00941nam a2200205 a 4500 | ||
|---|---|---|---|
| 008 | 140917s1991 ||||||||||||||||| || u | ||
| 020 | _a9251030170 | ||
| 050 | _aFAO(08)FTP/317 | ||
| 100 | _aRedding, Theresa A | ||
| 245 | 1 | 0 |
_aFish production in irrigation canals: a review _cBy Theresa A. Redding and Alex B. Midlen |
| 260 |
_aRome _c1991 |
||
| 300 | _avii, 111p.: ill | ||
| 490 | _aFAO fisheries technical papers | ||
| 650 | _aAQUACULTURE | ||
| 650 | _aFISHERIES | ||
| 700 | _aMidlen, Alex B | ||
| 995 |
_aSPECIAL COLLECTIONS _e023927 _FCBU-MAIN LIBRARY (Kitwe) _jFAO(08)FTP/317C _UAVAILABLE _WSep 17, 2014 _y023927 _ZInternational Publications |
||
| 995 |
_aSPECIAL COLLECTIONS _e023929 _FCBU-MAIN LIBRARY (Kitwe) _jFAO(08)FTP/317A _UAVAILABLE _WSep 17, 2014 _y023929 _ZInternational Publications |
||
| 995 |
_aSPECIAL COLLECTIONS _e023928 _FCBU-MAIN LIBRARY (Kitwe) _jFAO(08)FTP/317B _UAVAILABLE _WSep 17, 2014 _y023928 _ZInternational Publications |
||
| 999 |
_c63165 _d63165 |
||